[Event "Kaltern Trophy-B 2nd"]
[Site "Kaltern"]
[Date "2017.10.29"]
[Round "4"]
[White "Mastrostefano, Dante"]
[Black "Paoli, Giacomo"]
[Result "1/2-1/2"]
[WhiteElo "1524"]
[BlackElo "1748"]
[PlyCount "26"]
[EventDate "2017.10.27"]
[EventType "swiss"]
[EventRounds "5"]
[EventCountry "ITA"]
[SourceTitle "CBM 181 Extra"]
[Source "ChessBase"]
[SourceDate "2017.12.12"]
[SourceVersion "1"]
[SourceVersionDate "2017.12.12"]
[SourceQuality "1"]

1. d4 f5 2. Bf4 Nf6 3. e3 e6 4. Bd3 d5 5. Nd2 Nbd7 6. Ngf3 h6 7. c3 Be7 8. Qe2 Nh5 9. Ne5 Nxf4 10. exf4 Nxe5 11. Qxe5 Bf6 12. Qe2 0-0 13. 0-0-0 Qe8 1/2-1/2